strength of materials through problems (Record no. 545132)

000 -LEADER
fixed length control field 00575pam a2200169 a 4500
082 00 - DEWEY DECIMAL CLASSIFICATION NUMBER
Classification number 620.112
Author Mark SAR
-- L-39, P-167.
100 1# - MAIN ENTRY--PERSONAL NAME
Personal name Sarkar .b.k
9 (RLIN) 40903
245 10 - TITLE STATEMENT
Title strength of materials through problems
Statement of responsibility, etc. B.k. sarkar
260 ## - PUBLICATION, DISTRIBUTION, ETC.
Place of publication, distribution, etc. New dehli
Name of publisher, distributor, etc. Allied publishers limited.
Date of publication, distribution, etc. c1997.
300 ## - PHYSICAL DESCRIPTION
Extent 591 p. :
Other physical details ill. ;
Dimensions 28 cm.
526 ## - STUDY PROGRAM INFORMATION NOTE
Program name 0
Interest level 0
Reading level 0
Title point value 620_112000000000000_SAR
650 #0 - SUBJECT ADDED ENTRY--TOPICAL TERM
Topical term or geographic name entry element MCE
9 (RLIN) 379
650 #0 - SUBJECT ADDED ENTRY--TOPICAL TERM
Topical term or geographic name entry element Statics.
9 (RLIN) 1020
650 #0 - SUBJECT ADDED ENTRY--TOPICAL TERM
Topical term or geographic name entry element strength of materials through problems
9 (RLIN) 40904
856 41 - ELECTRONIC LOCATION AND ACCESS
Uniform Resource Identifier <a href="http://www.loc.gov/catdir/enhancements/fy0637/82011878-t.html">http://www.loc.gov/catdir/enhancements/fy0637/82011878-t.html</a>
942 ## - ADDED ENTRY ELEMENTS (KOHA)
Source of classification or shelving scheme
Koha item type Book
Holdings
Withdrawn status Lost status Source of classification or shelving scheme Damaged status Not for loan Permanent Location Current Location Date acquired Total Checkouts Full call number Barcode Date last seen Price effective from Koha item type
          Military College of Engineering (MCE) Military College of Engineering (MCE) 05/19/2014   620.112 SAR MCE-42820 05/19/2014 05/19/2014 Book
© 2023 Central Library, National University of Sciences and Technology. All Rights Reserved.